01372nam a2200313 i 4500003000900000005001700009007000300026008004100029020001800070040003000088082002300118100003600141245004300177264004400220300002700264336002700291337003400318338002800352590002700380590006200407650002400469650002600493910004700519942001400566952016900580952014600749952014600895999001701041DO-SdBNP20231011112036.0ta110413s2013 dr 000 0 spa d a9789945890013 aDO-SdBNPbspacBNPHUerda 4aRD861.5bT683t2221 aToribio, Andrésd1950-95216410aTejidos de mi voz / cAndrés Toribio 1aSanto Domingo :bFlor de tierra,c2013. a321 páginas c23 cm. 2rdacontentatextobtxt 2rdamediaasin mediación bn 2rdacarrieravolumenbnc aInventariado, 2023/ YL aLa biblioteca posee 1 ejemplar autografiado por el autor. 4aPoesía dominicana 4aLiteratura dominicana aYLockward/Validado. Control de calidad MFF 2ddccLBS1 00102ddc51708PDaBNPHUbBNPHUcHDd2023-07-03eAndrés Toribiol0oBNPHU PD RD861.5 T683tp2023-5994r2023-09-18w2023-09-18yLBS1zAutografiado por el autor.  00102ddc51708PDaBNPHUbBNPHUcHDd2023-07-03eAndrés Toribiol0oBNPHU PD RD861.5 T683tp2023-5995r2023-09-18te. 2w2023-09-18yLBS1 00102ddc56708DSaBNPHUbBNPHUcHDd2023-07-03eAndrés Toribiol0oBNPHU DS RD861.5 T683tp2023-5996r2023-09-18te. 3w2023-09-18yLBS1 c54793d54793